000 00260nam a22001217a 4500
008 170310b xxu||||| |||| 00| 0 eng d
041 _aeng
080 _23 ed
_a611
100 _a6
101 _ashm
245 _aANATOMY PHYSIOLOGY
_cMILLER.L
942 _2udc
_cBK
999 _c7394
_d7394